| 000 | 00955nam a2200241Ia 4500 | ||
|---|---|---|---|
| 003 | OSt | ||
| 005 | 20221002044349.0 | ||
| 006 | a|||||r|||| 00| 0 | ||
| 007 | ta | ||
| 008 | 220930b |||||||| |||| 00| 0 hin d | ||
| 020 |
_a81814301311 (hbk) _c395 |
||
| 024 | _a97695 | ||
| 037 |
_b487, 18/03/2009, Vani Prakashan _cReference Collections |
||
| 040 |
_aCRL _cCRL _bhin |
||
| 041 |
_2hin _ahin |
||
| 082 | _aP445264,4:4k, 152P3(RR) | ||
| 100 | _aकण्डारी, पुष्कर सिंह | ||
| 245 | 0 | _aगढ़वाली मुहावरों कहावतों का वृहत् संग्रह | |
| 260 |
_aनयी _bदिल्ली वाणी प्रकाशन _c2003 |
||
| 300 |
_a392पृ0 _ccm. |
||
| 942 |
_hP445264,4:4k, 152P3(RR) _cref _2CC |
||
| 999 |
_c910209 _d910209 |
||